000 00609nam a2200181Ia 4500
003 GCL
008 140319s9999 xx 000 0 ara d
040 _aGCL /
_cGCL
082 0 4 _a658.3
_bم ا
100 1 _aمصطفى حجازى
245 1 0 _aالاتصال الفعال فى العلاقات الانسانية والادارة /
_cمصطفى حجازى
260 _a[S.N] :
_bالمؤسسة الجامعية للدراسات والنشر والتوزيع ،
_c1990
300 _a192 ص
490 _a
650 0 4 _aالعلاقات الانسانية
650 0 4 _aالادارة
942 _2ddc
_cBK
999 _c56217
_d56217